[Event "4NCL Division 1b"]
[Site "Daventry, ENG"]
[Date "2019.01.12"]
[Round "3.54"]
[White "Cyborowski, Lukasz"]
[Black "Sarakauskas, Gediminas"]
[Result "1/2-1/2"]
[WhiteElo "2523"]
[BlackElo "2425"]
[PlyCount "65"]
[EventDate "2019.01.12"]
[WhiteTeam "Chess.com Manx Liberty 1"]
[BlackTeam "Guildford 2"]

1. c4 Nf6 2. Nc3 c5 3. Nf3 e6 4. e3 d5 5. cxd5 exd5 6. d4 a6 7. Be2 Nc6 8. O-O
Bd6 9. b3 cxd4 10. exd4 h6 11. Bd3 O-O 12. h3 Re8 13. Bb2 Bd7 14. Re1 Qa5 15.
Rxe8+ Rxe8 16. a3 Ne4 17. b4 Nxc3 18. Bxc3 Qd8 19. Qb3 Be6 20. a4 Ne7 21. b5
axb5 22. Bxb5 Rf8 23. Bd3 Bc8 24. a5 Nc6 25. Bb5 Ne7 26. Ne5 Be6 27. Bb4 Nf5
28. Nf3 Qf6 29. Bxd6 Nxd6 30. Bf1 Qd8 31. Ne5 Qc7 32. Qb4 Nc4 33. Ra4 1/2-1/2

[Event "4NCL Division 1b"]
[Site "Daventry, ENG"]
[Date "2019.01.12"]
[Round "3.55"]
[White "Wadsworth, Matthew J"]
[Black "Gonda, Laszlo"]
[Result "1/2-1/2"]
[WhiteElo "2373"]
[BlackElo "2531"]
[PlyCount "54"]
[EventDate "2019.01.12"]
[WhiteTeam "Guildford 2"]
[BlackTeam "Chess.com Manx Liberty 1"]

1. c4 c5 2. g3 Nc6 3. Bg2 g6 4. Nc3 Bg7 5. Nf3 d6 6. O-O e5 7. a3 a5 8. Ne1 Be6
9. d3 Nge7 10. Nc2 d5 11. cxd5 Nxd5 12. Ne3 Nb6 13. Nc4 Nxc4 14. dxc4 Qxd1 15.
Rxd1 Bxc4 16. Bxc6+ bxc6 17. Be3 O-O 18. Bxc5 Rfd8 19. Kf1 e4 20. Rxd8+ Rxd8
21. Rd1 Rxd1+ 22. Nxd1 f5 23. Nc3 Bb3 24. Ke1 a4 25. Kd2 Kf7 26. h4 Ke6 27. e3
Bxc3+ 1/2-1/2

[Event "4NCL Division 1b"]
[Site "Daventry, ENG"]
[Date "2019.01.12"]
[Round "3.56"]
[White "Jaracz, Pawel"]
[Black "Kilpatrick, Callum"]
[Result "1-0"]
[WhiteElo "2463"]
[BlackElo "2344"]
[PlyCount "109"]
[EventDate "2019.01.12"]
[WhiteTeam "Chess.com Manx Liberty 1"]
[BlackTeam "Guildford 2"]

1. d4 Nf6 2. c4 g6 3. g3 Bg7 4. Bg2 O-O 5. Nc3 d6 6. Nf3 Nbd7 7. O-O e5 8. e4
exd4 9. Nxd4 Re8 10. h3 a6 11. Be3 Rb8 12. a4 Nc5 13. Qc2 a5 14. Rad1 Bd7 15.
Ndb5 b6 16. f3 Bc6 17. Rfe1 Bb7 18. Bf2 Nh5 19. f4 Qc8 20. Nd5 Bxd5 21. cxd5
Qd7 22. b3 Re7 23. Na7 Rf8 24. Nc6 Ree8 25. e5 dxe5 26. fxe5 f5 27. exf6 Bxf6
28. Rxe8 Rxe8 29. Nxa5 Be5 30. g4 Nf4 31. Nc4 Bg7 32. Be3 Nxg2 33. Kxg2 Ne4 34.
Kg1 h5 35. Qg2 Nc3 36. Rd3 hxg4 37. Qxg4 Qf7 38. d6 cxd6 39. Rxd6 Re4 40. Qxg6
Ne2+ 41. Kh2 Qxg6 42. Rxg6 Nc3 43. Bh6 Kh7 44. Bxg7 Kxg6 45. Bxc3 Re6 46. Bd4
Kf5 47. Bxb6 Ke4 48. Kg3 Rg6+ 49. Kf2 Rf6+ 50. Ke2 Rh6 51. a5 Kd5 52. a6 Kc6
53. Bd4 Rxh3 54. Na5+ Kd5 55. a7 1-0

[Event "4NCL Division 1b"]
[Site "Daventry, ENG"]
[Date "2019.01.12"]
[Round "3.61"]
[White "Howell, David W L"]
[Black "Ghasi, Ameet K"]
[Result "1-0"]
[WhiteElo "2685"]
[BlackElo "2505"]
[PlyCount "83"]
[EventDate "2019.01.12"]
[WhiteTeam "Cheddleton 1"]
[BlackTeam "Grantham Sharks 1"]

1. d4 Nf6 2. c4 g6 3. g3 Bg7 4. Bg2 O-O 5. Nc3 d6 6. Nf3 Nc6 7. O-O Bf5 8. b3
e5 9. d5 Ne7 10. Ne1 e4 11. Nc2 Qd7 12. Bg5 h6 13. Bxf6 Bxf6 14. Qd2 Rfe8 15.
Nd4 c5 16. dxc6 Nxc6 17. Nxf5 Qxf5 18. Rad1 Rad8 19. Nb5 Bg5 20. Qb2 Re6 21. e3
a6 22. Nc7 Re5 23. Rd2 Bf6 24. Qb1 Bg7 25. Nd5 Qe6 26. Nf4 Qe7 27. b4 Kh7 28.
Rfd1 f5 29. b5 axb5 30. cxb5 Nb8 31. a4 b6 32. Qa2 g5 33. Nd5 Qb7 34. Rc2 Nd7
35. Rc6 Qb8 36. h3 Nc5 37. Nxb6 Nd3 38. Qf7 Rf8 39. Qb3 Qa7 40. Rxd6 Nc5 41.
Qc4 Rfe8 42. Nd7 1-0

[Event "4NCL Division 1b"]
[Site "Daventry, ENG"]
[Date "2019.01.12"]
[Round "3.62"]
[White "Roberson, Peter T"]
[Black "Hawkins, Jonathan"]
[Result "1/2-1/2"]
[WhiteElo "2420"]
[BlackElo "2569"]
[PlyCount "135"]
[EventDate "2019.01.12"]
[WhiteTeam "Grantham Sharks 1"]
[BlackTeam "Cheddleton 1"]

1. e4 e5 2. Nf3 Nf6 3. d4 Nxe4 4. Bd3 d5 5. Nxe5 Nd7 6. Nxf7 Qe7 7. Qe2 Qxf7 8.
f3 Ndf6 9. Nd2 Qh5 10. fxe4 Bg4 11. Qe3 dxe4 12. Nxe4 O-O-O 13. O-O Nxe4 14.
Bxe4 Bd6 15. g3 Rhe8 16. Bd2 Rd7 17. Rae1 Rde7 18. Qd3 Bh3 19. Rf3 c6 20. Rfe3
Rf8 21. Bg2 Rxe3 22. Qxe3 Bxg2 23. Kxg2 Qd5+ 24. Qe4 Qxa2 25. b3 g6 26. Bc3 Qa6
27. Qe6+ Kc7 28. Ra1 Qb5 29. Ba5+ b6 30. Bd2 a5 31. Re1 Qd5+ 32. Qxd5 cxd5 33.
Rf1 Kc6 34. Rxf8 Bxf8 35. Kf3 Bg7 36. Bc3 Bf6 37. Ke3 Bd8 38. Kd3 b5 39. Bb2
Be7 40. c3 h5 41. h3 a4 42. bxa4 bxa4 43. c4 a3 44. Ba1 Bb4 45. g4 hxg4 46.
hxg4 Ba5 47. cxd5+ Kxd5 48. Kc2 Kc4 49. d5 Bb4 50. Bf6 Kxd5 51. Kb3 Bc5 52. Bc3
Ke4 53. Bd2 Bd6 54. Bc1 Kf3 55. g5 Be7 56. Ka2 Ke4 57. Kb3 Bd6 58. Ka2 Bf4 59.
Bxa3 Bxg5 60. Kb3 Kd3 61. Bd6 Bf6 62. Bf4 Bd4 63. Bg5 Bc3 64. Be7 Be5 65. Bd8
Ke4 66. Kc4 Kf5 67. Kd3 g5 68. Bxg5 1/2-1/2

[Event "4NCL Division 1b"]
[Site "Daventry, ENG"]
[Date "2019.01.12"]
[Round "3.64"]
[White "Batchelor, Peter J"]
[Black "Pert, Richard G"]
[Result "1/2-1/2"]
[WhiteElo "2316"]
[BlackElo "2428"]
[PlyCount "72"]
[EventDate "2019.01.12"]
[WhiteTeam "Grantham Sharks 1"]
[BlackTeam "Cheddleton 1"]

1. d4 d5 2. c4 e6 3. Nf3 Nf6 4. g3 Bb4+ 5. Bd2 Be7 6. Bg2 O-O 7. O-O Nbd7 8.
Qc2 Ne4 9. b3 c6 10. Bc3 b5 11. Nbd2 Nxc3 12. Qxc3 a5 13. e4 Ba6 14. Rfd1 Rc8
15. c5 b4 16. Qc2 Qc7 17. Re1 Bb5 18. h4 h6 19. e5 Ra8 20. Bh3 a4 21. Nh2 Kh8
22. f4 axb3 23. Nxb3 Bc4 24. f5 Bxb3 25. axb3 Rxa1 26. Rxa1 Nxe5 27. dxe5 Qxe5
28. Rf1 Qxg3+ 29. Bg2 Qxh4 30. fxe6 fxe6 31. Rxf8+ Bxf8 32. Nf3 Qg3 33. Kh1 Qf4
34. Qe2 Bxc5 35. Qxe6 Qc1+ 36. Kh2 Qf4+ 1/2-1/2

[Event "4NCL Division 1b"]
[Site "Daventry, ENG"]
[Date "2019.01.12"]
[Round "3.65"]
[White "Arkell, Keith C"]
[Black "Foisor, Mihaela-Veronica"]
[Result "1-0"]
[WhiteElo "2460"]
[BlackElo "2222"]
[PlyCount "73"]
[EventDate "2019.01.12"]
[WhiteTeam "Cheddleton 1"]
[BlackTeam "Grantham Sharks 1"]

1. d4 d5 2. Nf3 Nf6 3. c4 e6 4. cxd5 exd5 5. Nc3 c6 6. Bg5 Be7 7. Qc2 Nbd7 8.
e3 Nf8 9. Bd3 Bg4 10. Ne5 Bh5 11. O-O Ng4 12. Bxe7 Qxe7 13. Nxd5 Qd6 14. Nxg4
Bxg4 15. Nc3 Ne6 16. Ne4 Qd7 17. Nc5 Nxc5 18. Qxc5 Qe7 19. Rfc1 h5 20. Qxe7+
Kxe7 21. Rc5 f6 22. h4 Rad8 23. b4 Rd5 24. Rac1 Kd6 25. Be4 Rxc5 26. Rxc5 Be6
27. a4 Bd5 28. Bxd5 cxd5 29. f3 Re8 30. Kf2 f5 31. b5 Re7 32. Rc8 Kd7 33. Ra8
Kc7 34. a5 Re6 35. a6 Rb6 36. Rxa7 Rxb5 37. Rxb7+ 1-0

[Event "4NCL Division 1b"]
[Site "Daventry, ENG"]
[Date "2019.01.12"]
[Round "3.67"]
[White "Connell, Blair N"]
[Black "Holland, James P"]
[Result "1/2-1/2"]
[WhiteElo "2240"]
[BlackElo "2257"]
[PlyCount "36"]
[EventDate "2019.01.12"]
[WhiteTeam "Cheddleton 1"]
[BlackTeam "Grantham Sharks 1"]

1. d4 Nf6 2. Nc3 g6 3. Bf4 c5 4. e3 Bg7 5. Qd2 O-O 6. dxc5 Qa5 7. Ne4 Qa4 8.
Nxf6+ Bxf6 9. c3 Na6 10. Bxa6 Qxa6 11. e4 b6 12. cxb6 axb6 13. e5 Bg7 14. Nf3
Bb7 15. b3 f6 16. Qxd7 fxe5 17. Qe6+ Kh8 18. Bxe5 Bxf3 1/2-1/2

[Event "4NCL Division 1b"]
[Site "Daventry, ENG"]
[Date "2019.01.12"]
[Round "3.72"]
[White "Cornette, Deimante"]
[Black "Libiszewski, Fabien"]
[Result "1/2-1/2"]
[WhiteElo "2448"]
[BlackElo "2481"]
[PlyCount "114"]
[EventDate "2019.01.12"]
[WhiteTeam "Celtic Tigers 1"]
[BlackTeam "3Cs 1"]

1. e4 c5 2. Nf3 Nc6 3. d4 cxd4 4. Nxd4 Nf6 5. Nc3 d6 6. Bg5 e6 7. Qd2 a6 8.
O-O-O Bd7 9. f4 b5 10. Nf3 b4 11. Bxf6 gxf6 12. Ne2 Qb6 13. Ned4 Rc8 14. Kb1
Be7 15. Qd3 Nxd4 16. Nxd4 a5 17. Qg3 Kf8 18. Qh3 h5 19. Be2 Qc5 20. Rd2 a4 21.
Rf1 a3 22. b3 e5 23. Nf5 exf4 24. Qd3 Bxf5 25. exf5 Qe5 26. Qd4 Rg8 27. Bf3 Rc3
28. Rfd1 Re3 29. Rd3 h4 30. h3 Kg7 31. Kc1 Rc8 32. R3d2 Rc5 33. Kb1 Kh6 34. Rd3
Kg7 35. R3d2 Rc7 36. Rf1 Re1+ 37. Rxe1 Qxe1+ 38. Rd1 Qe5 39. Be4 Rc3 40. Kc1
Re3 41. Bd5 Re1 42. Qxe5 Rxd1+ 43. Kxd1 fxe5 44. Kd2 Kf6 45. Be4 d5 46. Bxd5
Kxf5 47. Kd3 Bd6 48. Bb7 f3 49. gxf3 Kf4 50. Ke2 f5 51. Bc8 e4 52. fxe4 Kxe4
53. c3 bxc3 54. Ba6 f4 55. Bd3+ Kd4 56. Bc2 Be7 57. Kf3 Ke5 1/2-1/2

[Event "4NCL Division 1b"]
[Site "Daventry, ENG"]
[Date "2019.01.12"]
[Round "3.73"]
[White "Colovic, Aleksandar"]
[Black "Hoffmann, Hendrik"]
[Result "1/2-1/2"]
[WhiteElo "2454"]
[BlackElo "2272"]
[PlyCount "77"]
[EventDate "2019.01.12"]
[WhiteTeam "3Cs 1"]
[BlackTeam "Celtic Tigers 1"]

1. e4 g6 2. d4 Bg7 3. Nc3 c6 4. h3 d5 5. Nf3 dxe4 6. Nxe4 Bf5 7. Ng3 Be6 8. c3
Nf6 9. Bd3 Bd5 10. O-O Bxf3 11. Qxf3 O-O 12. Re1 Nbd7 13. Bf4 e6 14. Rad1 Qa5
15. Bc4 Nd5 16. Bd6 Rfe8 17. Bb3 Rad8 18. h4 N5f6 19. Bf4 h6 20. Bd6 Qb6 21.
Qf4 Rc8 22. Ne4 Nxe4 23. Rxe4 Nf6 24. Re2 Nh5 25. Qg4 Qd8 26. Be5 Bxe5 27. dxe5
Qe7 28. Rd6 Rcd8 29. Red2 Ng7 30. Bc2 Nf5 31. Bxf5 exf5 32. Qd4 Rxd6 33. exd6
Qe6 34. Rd3 Rd8 35. Re3 Qd5 36. Qf6 Qd1+ 37. Kh2 Qxd6+ 38. Qxd6 Rxd6 39. Re7
1/2-1/2

[Event "4NCL Division 1b"]
[Site "Daventry, ENG"]
[Date "2019.01.12"]
[Round "3.81"]
[White "Harvey, Marcus R"]
[Black "Gormally, Daniel W"]
[Result "1/2-1/2"]
[WhiteElo "2397"]
[BlackElo "2481"]
[PlyCount "75"]
[EventDate "2019.01.12"]
[WhiteTeam "Wood Green Monarchs"]
[BlackTeam "Blackthorne Russia"]

1. Nf3 Nf6 2. b3 d5 3. Bb2 Bf5 4. e3 e6 5. Nh4 Bg6 6. Be2 Be7 7. O-O O-O 8.
Nxg6 hxg6 9. c4 c5 10. cxd5 Nxd5 11. Nc3 Nxc3 12. Bxc3 Nc6 13. Qc2 Rc8 14. Qb2
Bf6 15. Rac1 b6 16. a3 Bxc3 17. Qxc3 Qd6 18. Ba6 Rc7 19. Rc2 Ne7 20. Rfc1 Nd5
21. Qd3 Rd7 22. Bb5 Rdd8 23. Qe4 Nf6 24. Qc4 Nd5 25. Qe2 Qe7 26. Qc4 Qd6 27. h3
a5 28. Qe4 Qb8 29. Bc6 Rd6 30. Bxd5 Rxd5 31. b4 axb4 32. axb4 Rfd8 33. bxc5
bxc5 34. Rxc5 Rxc5 35. Rxc5 Rxd2 36. g3 Rd8 37. h4 Qa8 38. Qxa8 1/2-1/2

[Event "4NCL Division 1b"]
[Site "Daventry, ENG"]
[Date "2019.01.12"]
[Round "3.83"]
[White "Weaving, Richard"]
[Black "Bates, Richard A"]
[Result "0-1"]
[WhiteElo "2330"]
[BlackElo "2358"]
[PlyCount "128"]
[EventDate "2019.01.12"]
[WhiteTeam "Wood Green Monarchs"]
[BlackTeam "Blackthorne Russia"]

1. e4 c5 2. Nf3 d6 3. d4 cxd4 4. Nxd4 Nf6 5. Nc3 a6 6. Be3 e5 7. Nb3 Be6 8. Qd2
Nbd7 9. f3 h5 10. Nd5 Bxd5 11. exd5 Qc7 12. c4 a5 13. a4 g6 14. Bd3 Bg7 15. O-O
O-O 16. Rae1 Rfe8 17. Bf2 Nb6 18. Nxa5 Nbxd5 19. cxd5 Qxa5 20. Qxa5 Rxa5 21.
Bc4 Rc8 22. b3 Bh6 23. Bb6 Rxa4 24. bxa4 Rxc4 25. Ra1 Nxd5 26. Bf2 Nc3 27. a5
d5 28. Rfe1 f6 29. Be3 Bxe3+ 30. Rxe3 d4 31. Rd3 f5 32. Rd2 Rb4 33. Rc2 Kg7 34.
Rac1 Rb5 35. Rxc3 dxc3 36. Rxc3 Kh6 37. Rc7 h4 38. Kf2 Kg5 39. Rh7 Rb2+ 40. Kg1
Rb1+ 41. Kf2 Rb2+ 42. Kg1 Rb5 43. Kf2 h3 44. Kg3 hxg2 45. h4+ Kf6 46. Kxg2 Rb2+
47. Kf1 f4 48. Rh8 Ra2 49. Rh7 e4 50. fxe4 Ke5 51. Rxb7 Kxe4 52. Rb4+ Kf3 53.
Rb3+ Kg4 54. Rb6 g5 55. hxg5 Kg3 56. Rf6 f3 57. Ke1 f2+ 58. Kd1 Rxa5 59. g6 Ra7
60. Rf5 Kg2 61. Rg5+ Kf3 62. Rf5+ Ke3 63. Rf8 f1=Q+ 64. Rxf1 Ra1+ 0-1

[Event "4NCL Division 1b"]
[Site "Daventry, ENG"]
[Date "2019.01.12"]
[Round "3.88"]
[White "Camp, Syringa Lyn"]
[Black "Norinkeviciute, Rasa"]
[Result "0-1"]
[WhiteElo "1665"]
[BlackElo "2028"]
[PlyCount "76"]
[EventDate "2019.01.12"]
[WhiteTeam "Blackthorne Russia"]
[BlackTeam "Wood Green Monarchs"]

1. e4 c5 2. d4 cxd4 3. c3 dxc3 4. Nxc3 Nc6 5. Nf3 e6 6. Bc4 a6 7. O-O Nge7 8.
Qe2 Ng6 9. Rd1 Be7 10. Be3 b5 11. Bb3 O-O 12. Rac1 Bb7 13. Qd2 Nge5 14. Nd4 Na5
15. Bf4 Nec4 16. Bxc4 Nxc4 17. Qe2 e5 18. Nf5 exf4 19. Qg4 Bf6 20. Rxd7 Ne5 21.
Rxd8 Nxg4 22. Rd7 Bc8 23. Ne7+ Kh8 24. Rc7 Be6 25. Ncd5 Bxb2 26. R1c2 Be5 27.
Rb7 Nf6 28. Nc7 Bxc7 29. Rcxc7 Nxe4 30. a3 Rad8 31. Rc1 Rd2 32. f3 Nd6 33. Ra7
g6 34. Rxa6 Nc4 35. Nc6 Ne3 36. a4 Rxg2+ 37. Kh1 Bd5 38. Nd4 Rd2 0-1

[Event "4NCL Division 1b"]
[Site "Daventry, ENG"]
[Date "2019.01.13"]
[Round "4.51"]
[White "Parligras, Mircea-Emilian"]
[Black "Gordon, Stephen J"]
[Result "1/2-1/2"]
[WhiteElo "2651"]
[BlackElo "2540"]
[PlyCount "65"]
[EventDate "2019.01.13"]
[WhiteTeam "Chess.com Manx Liberty 1"]
[BlackTeam "3Cs 1"]

1. d4 Nf6 2. c4 e6 3. Nf3 a6 4. Nc3 d5 5. cxd5 exd5 6. Bg5 Be6 7. e3 Nbd7 8. h3
Bd6 9. Bd3 c6 10. Bf4 Qc7 11. Qd2 O-O 12. O-O Rfe8 13. Rfe1 Nh5 14. Bxd6 Qxd6
15. Qc2 g6 16. Na4 Ng7 17. Nc5 Qc7 18. Nxe6 Nxe6 19. b4 a5 20. b5 c5 21. dxc5
Nexc5 22. Red1 Rec8 23. Be2 Nb6 24. Rac1 Qd6 25. Qd2 Ne4 26. Qd4 Qf6 27. Qxf6
Nxf6 28. Nd4 Ne4 29. Bg4 Rxc1 30. Rxc1 h5 31. Bf3 Rc8 32. Rxc8+ Nxc8 33. Bxe4
1/2-1/2

[Event "4NCL Division 1b"]
[Site "Daventry, ENG"]
[Date "2019.01.13"]
[Round "4.52"]
[White "Libiszewski, Fabien"]
[Black "Lupulescu, Constantin"]
[Result "1/2-1/2"]
[WhiteElo "2481"]
[BlackElo "2608"]
[PlyCount "28"]
[EventDate "2019.01.13"]
[WhiteTeam "3Cs 1"]
[BlackTeam "Chess.com Manx Liberty 1"]

1. e4 c5 2. Nf3 e6 3. d4 cxd4 4. Nxd4 Nc6 5. Nc3 a6 6. Nxc6 bxc6 7. Bd3 d5 8.
O-O Qc7 9. Qe2 Nf6 10. Bg5 Be7 11. Rae1 Bb7 12. e5 Nd7 13. Bxe7 Kxe7 14. Nb1 c5
1/2-1/2

[Event "4NCL Division 1b"]
[Site "Daventry, ENG"]
[Date "2019.01.13"]
[Round "4.53"]
[White "Erdos, Viktor"]
[Black "Colovic, Aleksandar"]
[Result "1-0"]
[WhiteElo "2610"]
[BlackElo "2454"]
[PlyCount "37"]
[EventDate "2019.01.13"]
[WhiteTeam "Chess.com Manx Liberty 1"]
[BlackTeam "3Cs 1"]

1. d4 d5 2. Nf3 Nf6 3. c4 dxc4 4. e3 e6 5. Bxc4 c5 6. O-O cxd4 7. exd4 Be7 8.
Nc3 O-O 9. Re1 Nc6 10. Bg5 a6 11. Bb3 b5 12. d5 Nxd5 13. Bxd5 exd5 14. Qxd5 Be6
15. Qxc6 Bxg5 16. Rad1 Qe7 17. Nd5 Bxd5 18. Qxd5 Rad8 19. Qxg5 1-0

[Event "4NCL Division 1b"]
[Site "Daventry, ENG"]
[Date "2019.01.13"]
[Round "4.54"]
[White "Guichard, Pauline"]
[Black "Cyborowski, Lukasz"]
[Result "1/2-1/2"]
[WhiteElo "2378"]
[BlackElo "2523"]
[PlyCount "94"]
[EventDate "2019.01.13"]
[WhiteTeam "3Cs 1"]
[BlackTeam "Chess.com Manx Liberty 1"]

1. d4 Nf6 2. Nf3 d5 3. Bf4 Bf5 4. e3 e6 5. Bd3 Bxd3 6. Qxd3 Nbd7 7. c4 Bd6 8.
cxd5 Nxd5 9. Bg5 Be7 10. Bxe7 Qxe7 11. O-O O-O 12. Nc3 Rfd8 13. Rac1 c6 14. a3
N5f6 15. e4 e5 16. d5 Nb6 17. Rfe1 Rac8 18. Rcd1 cxd5 19. exd5 Nc4 20. Qe2 Re8
21. h3 Qc7 22. Ne4 Nxe4 23. Qxe4 Nd6 24. Qe3 e4 25. Nd4 Re5 26. a4 Qd7 27. Qb3
Rc5 28. Ne2 Re8 29. Nc3 a6 30. Rd4 f5 31. Qb6 Qc7 32. Rb4 Re7 33. Qxc7 Rexc7
34. Rd1 Kf7 35. h4 Rd7 36. Kh2 Nc4 37. Ne2 a5 38. Rb3 Nd6 39. Nf4 Rc2 40. Kg3
Rdc7 41. Ne6 Rd7 42. Rd4 Kf6 43. Rd1 g6 44. Nd4 Rc5 45. Ne2 Rc2 46. Nd4 Rc5 47.
Ne2 Rc2 1/2-1/2

[Event "4NCL Division 1b"]
[Site "Daventry, ENG"]
[Date "2019.01.13"]
[Round "4.55"]
[White "Gonda, Laszlo"]
[Black "Ashton, Adam G"]
[Result "1-0"]
[WhiteElo "2531"]
[BlackElo "2326"]
[PlyCount "61"]
[EventDate "2019.01.13"]
[WhiteTeam "Chess.com Manx Liberty 1"]
[BlackTeam "3Cs 1"]

1. Nf3 d5 2. g3 Nf6 3. Bg2 e6 4. O-O Be7 5. c4 O-O 6. b3 b6 7. Bb2 Bb7 8. e3 c5
9. Nc3 Nbd7 10. Qe2 Rc8 11. Rad1 Qc7 12. Nh4 dxc4 13. bxc4 Bxg2 14. Nxg2 Qc6
15. f4 a6 16. e4 b5 17. e5 b4 18. Nb1 Ne8 19. d3 Nb6 20. Nd2 Na4 21. Ba1 f5 22.
Nb3 Nc7 23. h3 Rfd8 24. Kh2 Ra8 25. g4 g6 26. Ne3 Kh8 27. gxf5 gxf5 28. Nxf5
exf5 29. e6+ Kg8 30. Rg1+ Kf8 31. Bg7+ 1-0

[Event "4NCL Division 1b"]
[Site "Daventry, ENG"]
[Date "2019.01.13"]
[Round "4.56"]
[White "Longson, Alexander"]
[Black "Jaracz, Pawel"]
[Result "1/2-1/2"]
[WhiteElo "2312"]
[BlackElo "2463"]
[PlyCount "68"]
[EventDate "2019.01.13"]
[WhiteTeam "3Cs 1"]
[BlackTeam "Chess.com Manx Liberty 1"]

1. e4 e5 2. Nf3 Nc6 3. Bb5 a6 4. Ba4 Nf6 5. O-O Be7 6. Re1 b5 7. Bb3 d6 8. c3
O-O 9. h3 Nb8 10. d4 Nbd7 11. Nbd2 c5 12. Nf1 Re8 13. Ng3 g6 14. Bg5 Bb7 15.
Qd2 cxd4 16. cxd4 exd4 17. Qxd4 Nc5 18. Rad1 Nfxe4 19. Nxe4 Nxe4 20. Bxe7 Rxe7
21. Re3 Qc7 22. Bd5 Bxd5 23. Qxd5 Rae8 24. Rde1 Nf6 25. Rxe7 Nxd5 26. Rxe8+ Kg7
27. R8e2 Qc6 28. Rd2 Nf4 29. Re3 h6 30. Kh2 d5 31. Rc3 Qe6 32. Re3 Qc6 33. Rc3
Qe6 34. Re3 Qc6 1/2-1/2

[Event "4NCL Division 1b"]
[Site "Daventry, ENG"]
[Date "2019.01.13"]
[Round "4.61"]
[White "Cornette, Matthieu"]
[Black "Zhou, Yang-Fan"]
[Result "1/2-1/2"]
[WhiteElo "2587"]
[BlackElo "2432"]
[PlyCount "48"]
[EventDate "2019.01.13"]
[WhiteTeam "Celtic Tigers 1"]
[BlackTeam "Guildford 2"]

1. e4 c5 2. Nf3 d6 3. Nc3 Nf6 4. e5 dxe5 5. Nxe5 Nbd7 6. d4 e6 7. Bb5 Be7 8. d5
exd5 9. Nxd5 O-O 10. Nxd7 Nxd7 11. Bf4 Qa5+ 12. Qd2 Qxb5 13. Nxe7+ Kh8 14.
O-O-O Nb6 15. Be5 f6 16. Bc3 Be6 17. Rhe1 Bxa2 18. Re4 Rae8 19. Qe3 Rxe7 20.
Rxe7 Nd5 21. Qe1 Nxe7 22. Qxe7 Re8 23. Qd7 Bc4 24. b3 Be2 1/2-1/2

[Event "4NCL Division 1b"]
[Site "Daventry, ENG"]
[Date "2019.01.13"]
[Round "4.62"]
[White "Ris, Robert"]
[Black "Cornette, Deimante"]
[Result "1/2-1/2"]
[WhiteElo "2451"]
[BlackElo "2448"]
[PlyCount "25"]
[EventDate "2019.01.13"]
[WhiteTeam "Guildford 2"]
[BlackTeam "Celtic Tigers 1"]

1. e4 c5 2. Nf3 Nc6 3. d4 cxd4 4. Nxd4 e5 5. Nb5 d6 6. N1c3 a6 7. Na3 Be7 8.
Be3 Nf6 9. Nc4 b5 10. Nb6 Rb8 11. Nxc8 Qxc8 12. Be2 O-O 13. O-O 1/2-1/2

[Event "4NCL Division 1b"]
[Site "Daventry, ENG"]
[Date "2019.01.13"]
[Round "4.63"]
[White "Hoffmann, Hendrik"]
[Black "Suarez Real, Alberto"]
[Result "1/2-1/2"]
[WhiteElo "2272"]
[BlackElo "2446"]
[PlyCount "56"]
[EventDate "2019.01.13"]
[WhiteTeam "Celtic Tigers 1"]
[BlackTeam "Guildford 2"]

1. e4 c5 2. c3 Nf6 3. e5 Nd5 4. d4 cxd4 5. Nf3 e6 6. cxd4 d6 7. Bc4 Nc6 8. O-O
Be7 9. Qe2 O-O 10. Nc3 Nxc3 11. bxc3 dxe5 12. dxe5 Qa5 13. Bd2 Bd7 14. Qe4 Qa4
15. Bg5 h6 16. Rad1 Rfd8 17. Bxe7 Nxe7 18. Qxb7 Qxc4 19. Rxd7 Rdb8 20. Qc7 Qxc7
21. Rxc7 Nd5 22. Rd7 Nxc3 23. Rd2 Rb4 24. Rc1 Rab8 25. Rdc2 Nd5 26. g3 g5 27.
h4 g4 28. Nd2 Ra4 1/2-1/2

[Event "4NCL Division 1b"]
[Site "Daventry, ENG"]
[Date "2019.01.13"]
[Round "4.64"]
[White "Sarakauskas, Gediminas"]
[Black "Reimanis, Ritvars"]
[Result "1-0"]
[WhiteElo "2425"]
[BlackElo "2316"]
[PlyCount "77"]
[EventDate "2019.01.13"]
[WhiteTeam "Guildford 2"]
[BlackTeam "Celtic Tigers 1"]

1. Nf3 Nf6 2. c4 e6 3. g3 d5 4. Bg2 Be7 5. O-O O-O 6. d4 dxc4 7. Qc2 b6 8. Ne5
Qxd4 9. Bxa8 Qxe5 10. Bg2 Ba6 11. Nc3 Nbd7 12. Bf4 Qc5 13. Na4 Qa5 14. Rfd1 b5
15. Nc3 Nc5 16. Ne4 Ncxe4 17. Bxe4 b4 18. Bf3 Bb5 19. Qc1 Nd7 20. Be3 Nc5 21.
Bd4 Ba6 22. Qe3 Bd6 23. a3 Nb3 24. axb4 Qb5 25. Ra2 Bc8 26. Rxa7 Qxb4 27. Bc3
Qb5 28. Ra8 Nc5 29. Qg5 e5 30. Qe3 Qb3 31. Rda1 Qc2 32. Bxe5 Nb3 33. Re1 Bc5
34. Be4 Bxe3 35. Bxc2 Bb6 36. Bxb3 cxb3 37. Rc1 Re8 38. Bxc7 Bd4 39. Be5 1-0

[Event "4NCL Division 1b"]
[Site "Daventry, ENG"]
[Date "2019.01.13"]
[Round "4.68"]
[White "Ciuksyte, Dagne"]
[Black "Quinn, John M"]
[Result "1/2-1/2"]
[WhiteElo "2297"]
[BlackElo "2123"]
[PlyCount "78"]
[EventDate "2019.01.13"]
[WhiteTeam "Guildford 2"]
[BlackTeam "Celtic Tigers 1"]

1. e4 c5 2. Nf3 e6 3. d4 cxd4 4. Nxd4 Nc6 5. Nb5 d6 6. c4 a6 7. N5c3 Nf6 8. Be2
Be7 9. O-O O-O 10. Be3 b6 11. Na3 Bb7 12. Rc1 Re8 13. Qb3 Nd7 14. Rfd1 Nc5 15.
Qc2 Bf6 16. f3 Qe7 17. Qd2 Rad8 18. Nc2 a5 19. Bf1 Nb4 20. Bd4 Bg5 21. Be3 Bf6
22. Nd4 d5 23. cxd5 exd5 24. Bb5 dxe4 25. Bxe8 Qxe8 26. fxe4 Nbd3 27. e5 Qxe5
28. Nf3 Bxf3 29. gxf3 Re8 30. Ne4 Nxc1 31. Bxc5 bxc5 32. Qxc1 Qxb2 33. Qxc5 Be5
34. Rd2 Qb4 35. Qd5 Bf4 36. Re2 Qb6+ 37. Kg2 Rd8 38. Qc4 h5 39. Ng3 Bxg3
1/2-1/2

[Event "4NCL Division 1b"]
[Site "Daventry, ENG"]
[Date "2019.01.13"]
[Round "4.71"]
[White "Ghasi, Ameet K"]
[Black "Derakhshani, Borna"]
[Result "1/2-1/2"]
[WhiteElo "2505"]
[BlackElo "2322"]
[PlyCount "37"]
[EventDate "2019.01.13"]
[WhiteTeam "Grantham Sharks 1"]
[BlackTeam "Wood Green Monarchs"]

1. Nf3 Nf6 2. g3 g6 3. Bg2 Bg7 4. O-O O-O 5. d4 d5 6. c4 c6 7. Nbd2 Bf5 8. b3
a5 9. a3 b5 10. Bb2 a4 11. cxb5 cxb5 12. Rc1 Nbd7 13. Ne5 Nxe5 14. dxe5 Ne4 15.
b4 Rc8 16. e3 h5 17. f3 Nd6 18. Rxc8 Qxc8 19. Bd4 1/2-1/2

[Event "4NCL Division 1b"]
[Site "Daventry, ENG"]
[Date "2019.01.13"]
[Round "4.72"]
[White "Fitzsimons, David"]
[Black "Roberson, Peter T"]
[Result "1/2-1/2"]
[WhiteElo "2301"]
[BlackElo "2420"]
[PlyCount "42"]
[EventDate "2019.01.13"]
[WhiteTeam "Wood Green Monarchs"]
[BlackTeam "Grantham Sharks 1"]

1. e4 c6 2. d4 d5 3. exd5 cxd5 4. Bd3 g6 5. Nf3 Nc6 6. c3 Bf5 7. Bxf5 gxf5 8.
Bg5 Bg7 9. Qb3 Qd7 10. Nbd2 e6 11. O-O Nge7 12. Rfe1 O-O 13. Ne5 Nxe5 14. dxe5
Ng6 15. Nf3 h6 16. Be3 Rfc8 17. a4 Kh7 18. Bd4 Rc6 19. a5 Qc7 20. Qc2 Rg8 21.
Qd2 a6 1/2-1/2